Fundamentals of robotics (Record no. 63376)

MARC details
000 -LEADER
fixed length control field 00848nam a2200169 a 4500
008 - FIXED-LENGTH DATA ELEMENTS--GENERAL INFORMATION
fixed length control field 120416s0000 ||||||||||||||||| || u
020 ## - INTERNATIONAL STANDARD BOOK NUMBER
International Standard Book Number 8120310470
050 ## - LIBRARY OF CONGRESS CALL NUMBER
Classification number TJ 211.35 Sch
100 ## - MAIN ENTRY--PERSONAL NAME
Personal name Schilling, Robert J
245 10 - TITLE STATEMENT
Title Fundamentals of robotics
246 ## -
-- analysis and control
260 ## - PUBLICATION, DISTRIBUTION, ETC.
Place of publication, distribution, etc. New Delhi
Name of publisher, distributor, etc. Prentice Hall of India
Date of publication, distribution, etc. 2000
350 ## -
-- 0.00
995 ## -
-- MAIN LIBRARY OPEN ACCESS
-- 0.00
-- 732016
-- CBU-MAIN LIBRARY (Kitwe)
-- 1
-- 25.00
-- TJ 211.35 Sch
-- 1
-- AVAILABLE
-- 029503
-- Main Library Open Access Collection
995 ## -
-- MAIN LIBRARY OPEN ACCESS
-- 0.00
-- 732018
-- CBU-MAIN LIBRARY (Kitwe)
-- 2
-- 25.00
-- TJ 211.35 Sch
-- 2
-- AVAILABLE
-- 029459
-- Main Library Open Access Collection
995 ## -
-- MAIN LIBRARY OPEN ACCESS
-- 0.00
-- 732017
-- CBU-MAIN LIBRARY (Kitwe)
-- 3
-- 25.00
-- TJ 211.35 Sch
-- AVAILABLE
-- 029492
-- Main Library Open Access Collection
999 ## -
-- 63376
-- 63376
Holdings
Withdrawn status Lost status Source of classification or shelving scheme Damaged status Not for loan Permanent Location Current Location Shelving location Date acquired Total Checkouts Full call number Barcode Date last seen Date last checked out Price effective from Koha item type
          CBU-MAIN LIBRARY, KITWE. CBU-MAIN LIBRARY, KITWE.   12/24/2022 5 TJ 211.35 Sch 029503 08/02/2025 06/04/2025 12/24/2022 MONOGRAPH
          CBU-MAIN LIBRARY, KITWE. CBU-MAIN LIBRARY, KITWE.   12/24/2022   TJ 211.35 Sch 029459 12/24/2022   12/24/2022 MONOGRAPH
          CBU-MAIN LIBRARY, KITWE. CBU-MAIN LIBRARY, KITWE.   12/24/2022   TJ 211.35 Sch 029492 12/24/2022   12/24/2022 MONOGRAPH